les 20 plus grandes villes d'Irak - Statistiques

Statistiques générales
  • Ce quiz a été pris 160 fois
  • Le résultat moyen est 5 sur 20
Réponses sur la Carte
Les réponses sont colorées sur une échelle allant du rouge au vert en fonction du pourcentage des utilisateurs qui les ont devinées à leur premier essai. Vous pouvez retrouver ces pourcentages ci-dessous.
 
Statistiques - réponses
Population Ville % Correct
6,720,000 Bagdad
98%
1,360,000 Mossoul
79%
1,340,000 Bassora
70%
880,000 Erbil
65%
970,000 Kirkouk
47%
710,000 Kerbala
32%
740,000 Najaf
26%
220,000 Ramadi
24%
680,000 Souleimaniye
18%
250,000 Fallujah
14%
340,000 Dohuk
11%
390,000 Kut
11%
530,000 Amara
8%
460,000 Hillah
6%
280,000 Baqubah
4%
560,000 Nasiriyah
4%
400,000 Diwaniyah
3%
210,000 Zaxo
3%
300,000 Zubaïr
3%
220,000 Samawah
1%
Aucun quiz correspondant
Distribution des résultats
% des personnes avec chaque résultat
Percentile par nombre de réponses
Votre historique - résultats
Vous n’avez pas pris ce quiz